| 000 | 00838nam a2200265 a 4500 | ||
|---|---|---|---|
| 001 | |||
| 003 | DO-SdBNP | ||
| 005 | 20241009131735.0 | ||
| 008 | 091001s1980 mx a r 000 0 spa d | ||
| 020 | _a9687064552 | ||
| 040 |
_aDO-SdBNP _bspa _cBPMSU |
||
| 082 |
_aM861.08 _bP745p 1980 _222 |
||
| 245 | 0 | 0 |
_a Poesías patrióticas y folklóricas y 10 recorridos de la revolución / _cselección de Luisa Amada Solís |
| 260 |
_aMéxico: _bLibro Mex Editores, _c1980 |
||
| 300 |
_a162 p. ; _c21 cm. |
||
| 490 | 0 | _aPoesía | |
| 590 | _aInventariado, 2024/VM | ||
| 650 | 4 |
_aPoesía mexicana _vColecciones |
|
| 650 | 4 |
_aCanciones folclóricas mexicana _v |
|
| 650 | 4 | _aLiteratura mexicana | |
| 650 | 4 |
_a _vPoesías |
|
| 700 | 1 |
_aSolis Luisa Amada _eselección |
|
| 910 | _aVMateo V. Cotrol de calidad. BPMSU | ||
| 942 |
_2ddc _cBK |
||
| 999 |
_c14826 _d14826 |
||